[Event "VIE-ch U13 Girls"]
[Site "Hanoi"]
[Date "2022.06.17"]
[Round "9"]
[White "Quan, My Linh"]
[Black "Nguyen, Huynh Mai Hoa"]
[Result "1-0"]
[WhiteElo "2144"]
[BlackElo "2148"]
[PlyCount "143"]
[EventDate "2022.06.11"]
[EventType "swiss"]
[EventRounds "9"]
[EventCountry "VIE"]
[SourceTitle "EXT 2023"]
[Source "ChessBase"]
[SourceDate "2022.10.05"]
[SourceVersion "1"]
[SourceVersionDate "2022.10.05"]
[SourceQuality "1"]

1. e4 c5 2. Nf3 d6 3. d4 cxd4 4. Nxd4 Nf6 5. Nc3 a6 6. Be2 e6 7. 0-0 Be7 8. Be3 b5 9. Bf3 Bb7 10. e5 Nd5 11. Nxd5 exd5 12. e6 0-0 13. exf7+ Rxf7 14. Ne6 Qc8 15. Bxd5 Bxd5 16. Qxd5 Qc6 17. Qxc6 Nxc6 18. Nc7 Rc8 19. Nd5 Ne5 20. Nxe7+ Rxe7 21. Bg5 Ree8 22. c3 Nd3 23. Rad1 Nxb2 24. Rxd6 Rxc3 25. Rxa6 Re2 26. Rb6 Rc5 27. Be3 Rd5 28. Bc1 h6 29. Bxb2 Rxb2 30. a4 b4 31. h3 b3 32. Ra1 Rdd2 33. Rf1 Rd5 34. Rc1 Rf5 35. Rf1 Rd5 36. Rb5 Rd4 37. a5 Ra4 38. Kh2 Rc2 39. Rxb3 Rxa5 40. Kg3 Rg5+ 41. Kh2 Re5 42. f4 Ree2 43. Rg3 Kf7 44. Ra1 Re7 45. Ra6 Re6 46. Rxe6 Kxe6 47. Re3+ Kf5 48. Kg3 Rc4 49. Re5+ Kf6 50. Kf3 Rc3+ 51. Re3 Rc1 52. g4 g6 53. h4 Rc5 54. g5+ hxg5 55. fxg5+ Kf5 56. Kg3 Rc6 57. Rf3+ Ke5 58. h5 Ke4 59. Rf6 Rc1 60. Rxg6 Rg1+ 61. Kf2 Rh1 62. h6 Kf4 63. Rg7 Rh2+ 64. Ke1 Ke3 65. Kd1 Kd3 66. Rd7+ Ke4 67. h7 Kf5 68. Rg7 Rh1+ 69. Ke2 Ke4 70. Kd2 Rh2+ 71. Kc3 Kd5 72. g6 1-0

[Event "VIE-ch U13 Girls"]
[Site "Hanoi"]
[Date "2022.06.13"]
[Round "4"]
[White "Nguyen, Huynh Mai Hoa"]
[Black "Nguyen, Thuy Linh1111"]
[Result "0-1"]
[WhiteElo "2148"]
[BlackElo "2145"]
[PlyCount "126"]
[EventDate "2022.06.11"]
[EventType "swiss"]
[EventRounds "9"]
[EventCountry "VIE"]
[SourceTitle "EXT 2023"]
[Source "ChessBase"]
[SourceDate "2022.10.05"]
[SourceVersion "1"]
[SourceVersionDate "2022.10.05"]
[SourceQuality "1"]

1. d4 Nf6 2. c4 e6 3. Nf3 c5 4. e3 Be7 5. Be2 0-0 6. Nc3 d5 7. cxd5 Nxd5 8. 0-0 Nc6 9. e4 Nxc3 10. bxc3 Bf6 11. Be3 Qc7 12. Qc2 Be7 13. d5 exd5 14. exd5 Ne5 15. Rad1 Bd6 16. Nxe5 Bxe5 17. f4 Bd6 18. c4 Re8 19. Bc1 Qe7 20. Bd3 h6 21. Qf2 Bg4 22. Rde1 Qd7 23. Bb2 Bf5 24. Qg3 Bf8 25. Bxf5 Qxf5 26. Re5 Qc2 27. Qc3 Qxc3 28. Bxc3 Bd6 29. Ree1 Rxe1 30. Rxe1 Bxf4 31. Re7 Rb8 32. g3 Kf8 33. d6 Bg5 34. Rc7 Bd8 35. Rxc5 Bb6 36. Bd4 Bxc5 37. Bxc5 b6 38. Bd4 f6 39. c5 bxc5 40. Bxc5 Ke8 41. Bxa7 Ra8 42. Bb6 Rxa2 43. Bc5 Kd7 44. Bb4 g5 45. Bc3 Kxd6 46. Bxf6 g4 47. h3 h5 48. hxg4 hxg4 49. Bg5 Kd5 50. Bd8 Ke4 51. Bc7 Kf3 52. Bd6 Rg2+ 53. Kh1 Rxg3 54. Be5 Rg2 55. Bd6 Rb2 56. Bc5 Rb1+ 57. Bg1 Ra1 58. Kh2 g3+ 59. Kh1 g2+ 60. Kh2 Ra8 61. Bd4 Ra5 62. Kg1 Rh5 63. Bb6 Rh1# 0-1

[Event "VIE-ch U13 Girls"]
[Site "Hanoi"]
[Date "2022.06.11"]
[Round "1"]
[White "Dang, Thu Thuy"]
[Black "Nguyen, Huynh Mai Hoa"]
[Result "1/2-1/2"]
[WhiteElo "2131"]
[BlackElo "2148"]
[PlyCount "84"]
[EventDate "2022.06.11"]
[EventType "swiss"]
[EventRounds "9"]
[EventCountry "VIE"]
[SourceTitle "EXT 2023"]
[Source "ChessBase"]
[SourceDate "2022.10.05"]
[SourceVersion "1"]
[SourceVersionDate "2022.10.05"]
[SourceQuality "1"]

1. e4 c5 2. Nf3 d6 3. d4 cxd4 4. Nxd4 Nf6 5. Nc3 a6 6. Be2 Qc7 7. Be3 e6 8. 0-0 Be7 9. f4 0-0 10. Bf3 Nbd7 11. Qe1 Rb8 12. a3 b5 13. Rd1 Bb7 14. Nb3 Nb6 15. Na5 Ba8 16. Rf2 Na4 17. Nxa4 bxa4 18. Bd4 Nxe4 19. Bxe4 Bxe4 20. Qxe4 Qxa5 21. f5 e5 22. Bc3 Qb6 23. Qxa4 d5 24. Bxe5 Bc5 25. Bd4 Bxd4 26. Qxd4 Qxd4 27. Rxd4 Rxb2 28. Rxd5 Rc8 29. Rd6 a5 30. Rd5 Ra8 31. c4 Rb1+ 32. Rf1 Rb3 33. Rfd1 h6 34. R1d3 a4 35. Kf2 Rc8 36. Rxb3 axb3 37. Rb5 Rxc4 38. Rxb3 Rf4+ 39. Rf3 Ra4 40. Ke2 Kf8 41. Re3 Rf4 42. Rf3 Ra4 1/2-1/2